Nationen in der Champions-League - Statistiken

Allgemein
  • Dieses Quiz wurde 119 mal gespielt
  • Das Durchschnittsergebnis liegt bei 31 aus 34
Antwortstatistiken
Hint Antwort % Korrekt
15 Deutschland
100%
12 Frankreich
100%
11 Italien
100%
4 Österreich
100%
14 Spanien
100%
11 England
99%
7 Niederlande
99%
4 Schweden
99%
5 Schweiz
99%
8 Belgien
98%
5 Dänemark
98%
3 Norwegen
97%
2 Polen
97%
5 Portugal
97%
7 Russland
97%
3 Griechenland
96%
1 Finnland
95%
2 Kroatien
93%
2 Serbien
93%
3 Tschechien
93%
1 Slowenien
91%
2 Schottland
90%
4 Slowakei
90%
6 Türkei
90%
2 Ukraine
90%
2 Bulgarien
89%
2 Ungarn
89%
4 Rumänien
86%
3 Zypern
78%
1 Belarus
75%
2 Kasachstan
68%
3 Israel
66%
1 Aserbaidschan
65%
1 Moldawien
64%
Keine übereinstimmenden Quizze gefunden
Verteilung der Resultate
Anzahl Personen mit jedem Resultat
Perzentil nach korrekt beantworteten Fragen
Ihre Resultats-Entwicklung
Sie haben dieses Quiz noch nicht gespielt